Szczegóły MARC21

Prawo zamówień publicznych : stan obecny i kierunki zmian /

003 -Nazwa inst., której nr kontr. jest w polu 001 [,]
    • @
    • Nazwa instytucji, której n kontrolny jest w polu 001
    • NUKAT
005 -DATA I CZAS OSTATNIEJ MODYFIKACJI [,]
    • @
    • pole kontrolne
    • 20241231094205.0
020 -Międzynarod. znormalizowany nr książki - ISBN [ , ]
    • a
    • Numer ISBN
    • 9788364512445 Find
040 -Instytucja sporządzająca opis [ , ]
    • a
    • Instytucja, która sporządziła opis (NP)
    • WA LAZ/AZ
    • c
    • Instytucja, która sporządziła rekord (NP)
    • WA LAZ/AZ
    • d
    • Instytucja, która zmodyfikowała rekord (P)
    • WA LAZ/JF
    • d
    • Instytucja, która zmodyfikowała rekord (P)
    • WR U/JHs
942 -Rodzaj dokumentu [ , ]
    • c
    • Rodzaj dokumentu
    • Książka
245 -Strefa tytułu i oznaczenia odpowiedzialności [0,0]
    • a
    • Tytuł
    • Prawo zamówień publicznych : Find
    • b
    • Ciąg dalszy tytułu (NP)
    • stan obecny i kierunki zmian / Find
    • c
    • Pozostałe elementy strefy tytułu i oznaczenia odpowiedzialności (NP)
    • redakcja naukowa: Henryk Nowicki i Paweł Nowicki.
260 -Strefa adresu wydawniczego [ , ]
    • a
    • Miejsce wydania (P)
    • Wrocław :
    • b
    • Nazwa wydawcy (P)
    • PRESSCOM,
    • c
    • Data wydania (P)
    • 2015.
300 -Strefa opisu fizycznego [ , ]
    • a
    • Określenie formy książki i/lub objętość (NP)
    • 489 s. :
    • b
    • Oznaczenie ilustracji (NP)
    • il. ;
    • c
    • Format (NP)
    • 24 cm.
336 -Typ zawartości [ , ]
    • a
    • Termin opisujący typ zawartości
    • Tekst
    • b
    • Kod określający zawartość
    • txt
    • 2
    • Źródło (terminu i kodu)
    • rdacontent
337 -Typ mediów [ , ]
    • a
    • Tryb odtwarzania
    • Bez urządzenia pośredniczącego
    • b
    • Kod typu mediów
    • n
    • 2
    • Źródło (terminu i kodu)
    • rdamedia
338 -Typ/rodzaj nośnika [ , ]
    • a
    • Hasło opisujące typ nośnika
    • Wolumin
    • b
    • Kod typu nośnika
    • nc
    • 2
    • Źródło (terminu i kodu)
    • rdacarrier
490 -Strefa serii i książki wielotomowej - forma nie do wyszukiwania [1, ]
    • a
    • Tytuł (P)
    • Przetargi Publiczne Find
830 -Hasło dodatkowe serii i opisu książki wielotomowej - tytuł ujednolicony/tytuł [ ,0]
    • a
    • Tytuł ujednolicony/tytuł (NP)
    • Biblioteka Przetargi Publiczne
    • 9
    • KHW
    • 24437
500 -Uwaga ogólna [ , ]
    • a
    • Uwaga ogólna (NP)
    • Część artykułów została zaprezentowana podczas konferencji "Prawo zamówień publicznych. Stan obecny i kierunki zmian", 20-21 listopada 2014, Warszawa.
080 -Uniwersalna Klasyfikacja Dziesiętna [ , ]
    • 2
    • Identyfikator wydania tablic
    • UDC-P058
    • 9
    • UKD
    • 3618
    • a
    • Symbol klasyfikacji
    • 351.712
    • b
    • Dopowiedzenie
    • Roboty publiczne. Umowy (kontrakty) z wykonawcami. Przetargi publiczne. Zamówienia publiczne.
    • 4
    • UKD2
    • 7642
    • x
    • Poddział wspólny
    • (438)
    • c
    • Dopowiedzenie poddz. wspólnego
    • (Polska).
650 -Hasło przedmiotowe [ ,7]
    • a
    • Hasło przedmiotowe
    • Zamówienia publiczne
    • x
    • Określnik rzeczowy
    • prawo
    • z
    • Określnik geograficzny
    • Polska
    • y
    • Określnik chronologiczny
    • 1990-.
    • 2
    • Źródło terminu
    • kaba
    • 9
    • KHW
    • 358058
650 -Hasło przedmiotowe [ ,7]
    • a
    • Hasło przedmiotowe
    • Zamówienia publiczne
    • x
    • Określnik rzeczowy
    • prawo europejskie.
    • 2
    • Źródło terminu
    • kaba
    • 9
    • KHW
    • 137423
650 -Hasło przedmiotowe [ ,7]
    • a
    • Hasło przedmiotowe
    • Prawo międzynarodowe i prawo krajowe
    • z
    • Określnik geograficzny
    • Polska
    • y
    • Określnik chronologiczny
    • 1990-.
    • 2
    • Źródło terminu
    • kaba
    • 9
    • KHW
    • 359611
980 -Symbol UKD [ , ]
    • a
    • UKD
    • 351.712(438)
700 -Hasło dodatkowe - nazwa osobowa [1, ]
    • a
    • Nazwa osobowa (NP)
    • Nowicki, Henryk Find
    • d
    • Daty biograficzne (NP)
    • (1954- ).
    • e
    • Określenie rodzaju współpracy
    • Red.
    • 9
    • KHW
    • 53970
700 -Hasło dodatkowe - nazwa osobowa [1, ]
    • a
    • Nazwa osobowa (NP)
    • Nowicki, Paweł Find
    • d
    • Daty biograficzne (NP)
    • (1978- ).
    • e
    • Określenie rodzaju współpracy
    • Red.
    • 9
    • KHW
    • 66454
710 -Hasło dodatkowe - nazwa ciała zbiorowego [2, ]
    • a
    • Nazwa ciała zbiorowego lub nazwa geograficzna jako pierwszy element (NP)
    • Presscom.
    • 4
    • Kod relacji
    • pbl
    • 9
    • KHW
    • 65538
856 -Dostęp do wersji elektronicznej [4,8]
    • 3
    • Wyszczególnienie materiału
    • Okładka
856 -Dostęp do wersji elektronicznej [4,1]
    • 3
    • Wyszczególnienie materiału
    • Spis treści
920 -ISBN [ , ]
    • a
    • ISBN
    • 978-83-64512-44-5 Find
Numer inwentarzowy Sygnatura Status udost. Lokalizacja Data inwentaryzacji
SA.23396SA.233961BSA2015-06-17